LEADER 05642nam 22006855 450 001 9910392737103321 005 20250610110406.0 010 $a9783030422691 010 $a3030422690 024 7 $a10.1007/978-3-030-42269-1 035 $a(CKB)4100000011034424 035 $a(MiAaPQ)EBC6172793 035 $a(DE-He213)978-3-030-42269-1 035 $a(Perlego)3480799 035 $a(MiAaPQ)EBC6168054 035 $a(MiAaPQ)EBC29090929 035 $a(EXLCZ)994100000011034424 100 $a20200408d2020 u| 0 101 0 $aeng 135 $aurcnu|||||||| 181 $ctxt$2rdacontent 182 $cc$2rdamedia 183 $acr$2rdacarrier 200 10$aChanging Language Assessment $eNew Dimensions, New Challenges /$fedited by Sahbi Hidri 205 $a1st ed. 2020. 210 1$aCham :$cSpringer International Publishing :$cImprint: Palgrave Macmillan,$d2020. 215 $a1 online resource (394 pages) 311 08$a9783030422684 311 08$a3030422682 320 $aIncludes bibliographical references and indexes. 327 $aPart One: Role of Assessment and Learning Outcomes -- Chapter 1: New Changes in Assessment (Sahbi Hidri) -- Chapter 2: The Pedagogic Role of Assessment in Improving Learner Outcomes (Ekaterina Popkova) -- Chapter 3: Integrated Performance Assessment (Gabriel Díaz Maggioli) -- Part Two: Challenges in Assessing the Production Skills -- Chapter 4: Rubric-Based Assessment of the Productive Skills (Reza Vahdani Sanavi) -- Chapter 5: Can Teacher and Peer Formative Feedback Enhance L2 University Students' Oral Presentation Skills? (Diana Al Jahromi) -- Chapter 6: Summary Writing as a Form of Integrated Skills Assessment in Tertiary Settings (Elena Khvatova and Elena Krutskikh) -- Part Three: Test-Taking Strategies in Alternative and Standard Forms of Assessment -- Chapter 7: Classroom-Based Assessment in Multi-Exam Preparation Classes: Choosing Alternative Assessment Techniques (Irini-Renika Papakemmenou) -- Chapter 8: Readability of Syntactic Constructions for Transparency and Reliability of Input Texts for Unified State Exams in English (Elena Varlamova and Olga Safonkina) -- Part Four: Teacher Feedback and Challenges for Assessing Interactional and Intercultural Competence -- Chapter 9: Feedback on Evaluation: Teacher-Trainees' Preferences for Explicit Preferences for Explicit Evaluation in Post-Lesson Discussions (Irina Ivanova) -- Chapter 10: Integrating Teacher Feedback and Assessment to Improve L2 Writing (Viktoria Osidak, Tamara Kavytska and Viktoria Drobotun) -- Chapter 11: Strategy to Assess L2 Interactional Competence of University Students: Ukrainian Context (Olesia Liubashenko and Tamara Kavytska) -- Chapter 12: Integrating a 3D Tool of Assessing Intercultural Competence in Teacher Education (Olga Kvasova and Yuliia Trykashna) -- Part Five: Challenges in Formative Assessment -- Chapter 13: Enhancing Grammar Learning through Assessment at Tertiary Level (Viktoriya Osidak and Olha Drahinda) -- Chapter 14: The Impacts of Explicit Teaching and Assessment of Grammar on Tertiary Level Students in an EFL Context (Haya Al Nuaimi). 330 $a"The series of investigations and reports in this book edited by Dr. Sahbi Hidri makes an important contribution to the expanding body of knowledge related to classroom assessment in language teaching. Wide-ranging in both the international contexts and focus on varied aspects of assessment, the book provides a rich resource and reference text exploring the multiple dimensions and challenges of effective language assessment." --Eddy White, University of Arizona, USA This edited book brings together fifteen original empirical studies from a variety of international contexts to provide a detailed exploration of language assessment, testing and evaluation. Language assessment has a key role in the development and implementation of language and educational policies at the national level, and this book examines some of the impacts - both positive and negative - of different skills testing and examination approaches on learning outcomes and individual students' language learning. This book will be of interest to scholars working in applied linguistics and language education, teacher training, testing and evaluation, as well as stakeholders such as practitioners, educators, educational agencies, and test developers. Sahbi Hidri is Assistant Professor in the Department of English at Tunis University, Tunisia, and Senior Specialist in Assessment at Abu Dhabi Women's College, UAE. 606 $aLanguage and languages$xStudy and teaching 606 $aEducational tests and measurements 606 $aLanguage policy 606 $aEducation and state 606 $aLanguage Education 606 $aLanguage Teaching and Learning 606 $aAssessment and Testing 606 $aLanguage Policy and Planning 606 $aEducational Policy and Politics 615 0$aLanguage and languages$xStudy and teaching. 615 0$aEducational tests and measurements. 615 0$aLanguage policy. 615 0$aEducation and state. 615 14$aLanguage Education. 615 24$aLanguage Teaching and Learning. 615 24$aAssessment and Testing. 615 24$aLanguage Policy and Planning. 615 24$aEducational Policy and Politics. 676 $a418.0076 676 $a410 702 $aHidri$b Sahbi$4edt$4http://id.loc.gov/vocabulary/relators/edt 801 0$bMiAaPQ 801 1$bMiAaPQ 801 2$bMiAaPQ 906 $aBOOK 912 $a9910392737103321 996 $aChanging Language Assessment$92543433 997 $aUNINA LEADER 02387nam2 2200517 i 450 001 VAN00050973 005 20260311043530.8 010 $a35-405-4677-4 010 $a978-36-420-8116-3 100 $a20060904d1994 |0itac50 ba 101 $aeng 102 $aDE 105 $a|||| ||||| 181 $ai$b e 182 $an 183 $anc 200 1 $aˆ7: ‰Spectral theory of differential operators$fM. A. Shubin (ed.) 210 $aBerlin$cSpringer$d1994 215 $a272 p.$cill.$d24 cm 300 $aTradotto dal russo 410 1$1001VAN00024175$12001 $aEncyclopaedia of mathematical sciences$feditor in chief: R. V. Gamkrelidze$1210 $aBerlin [etc.]$cSpringer$v64 461 1$1001VAN00050966$12001 $aPartial differential equations$fYu. V. Egorov, M. A. Shubin (eds.)$1210 $aBerlin$cSpringer$1215 $avolumi$d24 cm$1300 $aI curatori variano$v7 500 1$3VAN00292374$aDifferentsial?nye uravneniya s chastnymi proizvodnymi 7$94373334 606 $a00B15$xCollections of articles of miscellaneous specific interest [MSC 2020]$3VANC023985$2MF 606 $a35-XX$xPartial differential equations [MSC 2020]$3VANC019763$2MF 606 $a47-XX$xOperator theory [MSC 2020]$3VANC019759$2MF 610 $aDifferential equations$9KW:K 610 $aEigenvalues$9KW:K 610 $aOperators$9KW:K 610 $aPartial Differential Equations$9KW:K 610 $aPerturbation of Eigenvalues$9KW:K 610 $aSpectral asymptotics$9KW:K 610 $aSpectral geometry$9KW:K 620 $dBerlin$3VANL000066 702 1$aShubin$bMikhail A.$3VANV038688$4340 712 $aSpringer $3VANV108073$4650 790 1$aShubin, Mikhail Aleksandrovich$zShubin, Mikhail A.$3VANV243243 790 1$aShubin, M. A.$zShubin, Mikhail A.$3VANV243244 790 1$aShubin, M.A.$zShubin, Mikhail A.$3VANV258134 801 $aIT$bSOL$c20260313$gRICA 856 4 $u/sebina/repository/catalogazione/documenti/Shubin - Partial differential equations VII.pdf$zContents 899 $aBIBLIOTECA DEL DIPARTIMENTO DI MATEMATICA E FISICA$1IT-CE0120$2VAN08 912 $aVAN00050973 950 $aBIBLIOTECA DEL DIPARTIMENTO DI MATEMATICA E FISICA$d08PREST 35-XX 4054 $e08 5670 II 20060904 996 $aDifferentsial?nye uravneniya s chastnymi proizvodnymi 7$94373334 997 $aUNICAMPANIA